000 00536nam a2200169Ia 4500
008 240729s9999 xx 000 0 und d
245 0 _aJournal of Clinical and Preventive Cardiology
260 _aIndia
260 _bWolters Kluwer Medknow Publications
650 _a Diseases of the circulatory (Cardiovascular) system
650 _a Internal medicine
650 _a Specialties of internal medicine
650 _aMedicine
856 _uhttps://doaj.org/toc/bf3ccb67291a45d3b775be91b57d85f7
942 _2ddc
942 _cDOAJEJ
999 _c71461
_d71461
945 _a1
_bMadushi Gamage
_c1
_dMadushi Gamage